[Event "GBR-ch90"]
[Site "Edinburgh"]
[Date "2003.07.25"]
[Round "5.7"]
[White "Motwani, Paul"]
[Black "McNab, Colin Anderson"]
[Result "1-0"]
[WhiteElo "2525"]
[BlackElo "2395"]
[PlyCount "67"]
[EventDate "2003.07.21"]
[EventType "swiss"]
[EventRounds "11"]
[EventCountry "GBR"]
[SourceTitle "BritBase"]
[Source "John Saunders"]
[SourceDate "2008.07.14"]
[SourceVersion "1"]
[SourceVersionDate "2008.07.14"]
[SourceQuality "2"]

1. e4 g6 2. d4 d6 3. Nc3 Bg7 4. Be3 Nf6 5. Qd2 Ng4 6. Bg5 c5 7. dxc5 dxc5 8. h3
Qxd2+ 9. Bxd2 Nf6 10. e5 Nfd7 11. f4 Nc6 12. Nf3 O-O 13. O-O-O f6 14. exf6 Nxf6
15. Bc4+ Kh8 16. Rhe1 a6 17. Ne5 Nxe5 18. Rxe5 b5 19. Bf1 Nh5 20. Rxe7 Nxf4 21.
Be3 Ne6 22. Ne4 Nd4 23. g4 h5 24. c3 Nc6 25. Rc7 Re8 26. Bg2 Rb8 27. Rxc6 Bb7
28. Rb6 Bxe4 29. Rxb8 Rxb8 30. Bxe4 Re8 31. Bxg6 Rxe3 32. Rd8+ Bf8 33. Rxf8+
Kg7 34. Re8 1-0

[Event "GBR-ch90"]
[Site "Edinburgh"]
[Date "2003.07.25"]
[Round "5.8"]
[White "Gallagher, Joseph G"]
[Black "Collins, Sam IRL"]
[Result "1-0"]
[WhiteElo "2520"]
[BlackElo "2381"]
[PlyCount "69"]
[EventDate "2003.07.21"]
[EventType "swiss"]
[EventRounds "11"]
[EventCountry "GBR"]
[SourceTitle "BritBase"]
[Source "John Saunders"]
[SourceDate "2008.07.14"]
[SourceVersion "1"]
[SourceVersionDate "2008.07.14"]
[SourceQuality "2"]

1. e4 e5 2. Nf3 Nc6 3. Bb5 Nf6 4. O-O Bc5 5. c3 O-O 6. d4 Bb6 7. Re1 d6 8. h3
h6 9. Na3 Bd7 10. Ba4 Qe7 11. Bc2 Rad8 12. Nc4 Nh7 13. a4 a6 14. Be3 Bc8 15.
Nxb6 cxb6 16. d5 Nb8 17. Bxb6 Rde8 18. c4 f5 19. exf5 Bxf5 20. Bxf5 Rxf5 21.
Be3 Ref8 22. Nd2 Ng5 23. Bxg5 Rxg5 24. Ne4 Rg6 25. Ra3 Qh4 26. Rf3 Rc8 27. Qb3
Nd7 28. Qxb7 Rxc4 29. Qxd7 Rxe4 30. Rxe4 Qxe4 31. Qf5 Qe1+ 32. Kh2 Rg5 33. Qc8+
Kh7 34. Rf8 Kg6 35. Qe8+ 1-0

[Event "GBR-ch90"]
[Site "Edinburgh"]
[Date "2003.07.25"]
[Round "5.9"]
[White "Kunte, Abhijit"]
[Black "Singh, Gurpreetpal"]
[Result "1-0"]
[WhiteElo "2515"]
[BlackElo "2293"]
[PlyCount "77"]
[EventDate "2003.07.21"]
[EventType "swiss"]
[EventRounds "11"]
[EventCountry "GBR"]
[SourceTitle "BritBase"]
[Source "John Saunders"]
[SourceDate "2008.07.14"]
[SourceVersion "1"]
[SourceVersionDate "2008.07.14"]
[SourceQuality "2"]

1. d4 Nf6 2. c4 g6 3. Nf3 Bg7 4. g3 O-O 5. Bg2 d6 6. O-O c5 7. d5 e6 8. Nc3 a6
9. a4 exd5 10. cxd5 Nbd7 11. e4 Rb8 12. a5 Ne8 13. Re1 b5 14. axb6 Nxb6 15. e5
Bg4 16. exd6 Nxd6 17. h3 Bxf3 18. Qxf3 Nbc4 19. Rxa6 Nxb2 20. Bf4 Rb6 21. Rxb6
Qxb6 22. Rb1 Ndc4 23. Ne4 Qb4 24. d6 h6 25. h4 f5 26. Nd2 Nxd2 27. Qd5+ Kh7 28.
Bxd2 Qd4 29. d7 Nc4 30. Bf4 Qxd5 31. Bxd5 Ne5 32. Bxe5 Bxe5 33. Re1 Bf6 34. Re8
Kg7 35. f4 Rh8 36. Kf1 Rf8 37. Ke2 Rh8 38. Kd3 g5 39. h5 1-0

[Event "GBR-ch90"]
[Site "Edinburgh"]
[Date "2003.07.25"]
[Round "5.10"]
[White "Swathi, Ghate"]
[Black "Wells, Peter K"]
[Result "1/2-1/2"]
[WhiteElo "2299"]
[BlackElo "2481"]
[PlyCount "179"]
[EventDate "2003.07.21"]
[EventType "swiss"]
[EventRounds "11"]
[EventCountry "GBR"]
[SourceTitle "BritBase"]
[Source "John Saunders"]
[SourceDate "2008.07.14"]
[SourceVersion "1"]
[SourceVersionDate "2008.07.14"]
[SourceQuality "2"]

1. e4 c5 2. Nf3 Nc6 3. d4 cxd4 4. Nxd4 Nf6 5. Nc3 d6 6. Bg5 e6 7. Qd2 Be7 8.
O-O-O O-O 9. f4 Nxd4 10. Qxd4 Qa5 11. Bc4 Bd7 12. e5 dxe5 13. fxe5 Bc6 14. Bd2
Nd7 15. Nd5 Qd8 16. Nxe7+ Qxe7 17. Rhe1 Nb6 18. Bd3 Rfd8 19. Qg4 Rxd3 20. cxd3
Ba4 21. Bh6 f5 22. exf6 Qxf6 23. Be3 Rc8+ 24. Kb1 Bc2+ 25. Ka1 Bxd1 26. Rxd1
Nd5 27. Bd4 Qf7 28. a3 b5 29. Re1 b4 30. Kb1 bxa3 31. Qxe6 Qxe6 32. Rxe6 Rb8
33. Rd6 Rb5 34. Rd7 a5 35. Rxg7+ Kf8 36. Rxh7 axb2 37. Bxb2 Nf4 38. Ka2 Nxg2
39. Rh3 Ke7 40. Rf3 Rh5 41. Rf2 Rxh2 42. Be5 Rh5 43. Bg3 Rd5 44. Rxg2 Rxd3 45.
Be1 Kd6 46. Bxa5 Kd5 47. Kb2 Kc4 48. Bc3 Rh3 49. Rg4+ Kc5 50. Kb3 Rh5 51. Ra4
Rh3 52. Ra5+ Kd6 53. Kc4 Ke6 54. Bd4 Rh1 55. Re5+ Kd6 56. Re4 Rc1+ 57. Bc3 Kd7
58. Rf4 Ke7 59. Rf3 Ke6 60. Rf6+ Ke7 61. Ra6 Kd7 62. Kd3 Rd1+ 63. Ke4 Rd6 64.
Ra7+ Kc6 65. Bd4 Re6+ 66. Be5 Kc5 67. Ra1 Kc4 68. Rc1+ Kb3 69. Kd4 Rh6 70. Rc3+
Kb4 71. Kd5 Rh5 72. Rc2 Kb3 73. Rb2+ Ka3 74. Rb7 Ka2 75. Rb5 Rh4 76. Rb6 Rh5
77. Kd4 Rh4+ 78. Kc3 Rh3+ 79. Kc2 Rb3 80. Ra6+ Ra3 81. Rd6 Rb3 82. Rd1 Rb2+ 83.
Kc3 Rb1 84. Rd2+ Ka3 85. Kc4 Rb4+ 86. Kc5 Rb1 87. Rd3+ Ka4 88. Bf4 Rb5+ 89. Kc6
Rb3 90. Rd1 1/2-1/2

[Event "GBR-ch90"]
[Site "Edinburgh"]
[Date "2003.07.25"]
[Round "5.11"]
[White "Conquest, Stuart"]
[Black "Mannion, Stephen"]
[Result "1/2-1/2"]
[WhiteElo "2560"]
[BlackElo "2339"]
[PlyCount "101"]
[EventDate "2003.07.21"]
[EventType "swiss"]
[EventRounds "11"]
[EventCountry "GBR"]
[SourceTitle "BritBase"]
[Source "John Saunders"]
[SourceDate "2008.07.14"]
[SourceVersion "1"]
[SourceVersionDate "2008.07.14"]
[SourceQuality "2"]

1. Nf3 Nf6 2. d4 c5 3. d5 b5 4. Bg5 Ne4 5. Bf4 Bb7 6. a4 a6 7. e3 f5 8. c3 Nf6
9. axb5 axb5 10. Rxa8 Bxa8 11. Bxb5 Nxd5 12. O-O Nxf4 13. exf4 Qb6 14. Na3 e6
15. Re1 Be7 16. Ne5 Qb7 17. Qh5+ g6 18. Qh3 O-O 19. c4 Bf6 20. Nc2 Qc7 21. Qg3
Be4 22. Re2 d6 23. Nf3 Nc6 24. h4 Nd4 25. Ncxd4 cxd4 26. h5 Qg7 27. hxg6 hxg6
28. Ng5 Bxg5 29. Qxg5 d3 30. Rd2 Ra8 31. Kh2 Kf7 32. Kg3 Qd4 33. f3 Rh8 34. Bd7
Bb7 35. Bxe6+ Kxe6 36. Qxg6+ Qf6 37. Qxf6+ Kxf6 38. Rxd3 Ke6 39. Re3+ Kd7 40.
Kf2 Rg8 41. Rd3 Rc8 42. b3 Ke6 43. g4 Rc6 44. Ke3 Ra6 45. Kd4 Ra1 46. Kc3 Rf1
47. gxf5+ Kd7 48. Kb4 Rxf3 49. Rd4 Re3 50. f6 Re6 51. f7 1/2-1/2

[Event "GBR-ch90"]
[Site "Edinburgh"]
[Date "2003.07.25"]
[Round "5.12"]
[White "Ghasi, Ameet"]
[Black "Turner, Matthew J"]
[Result "1/2-1/2"]
[WhiteElo "2305"]
[BlackElo "2519"]
[PlyCount "45"]
[EventDate "2003.07.21"]
[EventType "swiss"]
[EventRounds "11"]
[EventCountry "GBR"]
[SourceTitle "BritBase"]
[Source "John Saunders"]
[SourceDate "2008.07.14"]
[SourceVersion "1"]
[SourceVersionDate "2008.07.14"]
[SourceQuality "2"]

1. Nf3 Nf6 2. g3 d5 3. Bg2 e6 4. O-O Be7 5. d3 O-O 6. Nbd2 b5 7. e4 Bb7 8. e5
Nfd7 9. Re1 c5 10. Nf1 Nc6 11. h4 a5 12. Bf4 b4 13. N1h2 Nb6 14. Ng5 h6 15. Nh3
Nd4 16. c3 Nf5 17. Bd2 Qd7 18. Nf4 Rfe8 19. Nh5 bxc3 20. bxc3 Qa4 21. Rb1 Qxd1
22. Rexd1 Bd8 23. Ng4 1/2-1/2

[Event "GBR-ch90"]
[Site "Edinburgh"]
[Date "2003.07.25"]
[Round "5.13"]
[White "Vijayalakshmi, Subbaraman"]
[Black "Webb, Laurence"]
[Result "1-0"]
[WhiteElo "2435"]
[BlackElo "2325"]
[PlyCount "82"]
[EventDate "2003.07.21"]
[EventType "swiss"]
[EventRounds "11"]
[EventCountry "GBR"]
[SourceTitle "BritBase"]
[Source "John Saunders"]
[SourceDate "2008.07.14"]
[SourceVersion "1"]
[SourceVersionDate "2008.07.14"]
[SourceQuality "2"]

1. d4 e6 2. c4 Bb4+ 3. Nd2 Nf6 4. a3 Bxd2+ 5. Bxd2 Nc6 6. Bg5 h6 7. Bh4 d6 8.
f3 e5 9. d5 Ne7 10. e4 c5 11. dxc6 bxc6 12. Qd2 Ng6 13. Bf2 O-O 14. Rd1 d5 15.
cxd5 cxd5 16. exd5 e4 17. Be2 Re8 18. Kf1 Bb7 19. d6 Qd7 20. Rc1 Rac8 21. Rxc8
Rxc8 22. Bxa7 exf3 23. gxf3 Qa4 24. Bd4 Rc2 25. Qd1 Ba6 26. Bxf6 Qc6 27. Kf2
Rc1 28. Qd4 Nf8 29. Be7 Ne6 30. d7 Nxd4 31. d8=Q+ Kh7 32. Qxd4 Bxe2 33. Kxe2
Rc2+ 34. Ke1 Rc1+ 35. Kf2 Qc2+ 36. Kg3 Qg6+ 37. Qg4 Qb1 38. Qe4+ g6 39. Qxb1
Rxb1 40. Bf6 g5 41. h4 Kg6 1-0

[Event "GBR-ch90"]
[Site "Edinburgh"]
[Date "2003.07.25"]
[Round "5.14"]
[White "Gwaze, Robert"]
[Black "Bakre, Tejas"]
[Result "0-1"]
[WhiteElo "2335"]
[BlackElo "2433"]
[PlyCount "130"]
[EventDate "2003.07.21"]
[EventType "swiss"]
[EventRounds "11"]
[EventCountry "GBR"]
[SourceTitle "BritBase"]
[Source "John Saunders"]
[SourceDate "2008.07.14"]
[SourceVersion "1"]
[SourceVersionDate "2008.07.14"]
[SourceQuality "2"]

1. e4 c5 2. Nf3 d6 3. Nc3 Nc6 4. d4 cxd4 5. Nxd4 Nf6 6. Be2 e5 7. Nb3 Be7 8.
O-O O-O 9. f3 a5 10. a4 Nb4 11. f4 b6 12. Bf3 Bb7 13. Rf2 Rc8 14. Be3 exf4 15.
Bxf4 Rc4 16. Nd2 Rc7 17. Nb3 Qa8 18. Qd4 Rfc8 19. Re1 Rc6 20. Bg5 h6 21. Bh4
Rc4 22. Bxf6 Rxd4 23. Bxd4 Nc6 24. Bxb6 Bd8 25. Bxd8 Rxd8 26. Bd1 Ne5 27. Nd4
Qa7 28. Ncb5 Qc5 29. b3 Ba6 30. h3 d5 31. exd5 Rxd5 32. Nf3 Nxf3+ 33. Bxf3 Rd2
34. Ree2 Rxe2 35. Bxe2 Bc8 36. Bd3 f5 37. Bc4+ Kh7 38. Kf1 Qe5 39. Bd3 g6 40.
Re2 Qc5 41. Ke1 h5 42. Kf1 h4 43. c3 Kh6 44. Bc4 Bb7 45. Re6 Bc8 46. Re8 Ba6
47. Re6 Bc8 48. Re8 g5 49. Rh8+ Kg7 50. Rg8+ Kf6 51. Rd8 g4 52. Rd6+ Kg7 53.
Rd4 Qe5 54. hxg4 fxg4 55. Nd6 Be6 56. Bxe6 Qxe6 57. Nc4 g3 58. Nd2 Qf5+ 59. Ke2
h3 60. gxh3 Qf2+ 61. Kd3 g2 62. Rg4+ Kf7 63. Nc4 Qf3+ 64. Kd4 Qxg4+ 65. hxg4
g1=Q+ 0-1

[Event "GBR-ch90"]
[Site "Edinburgh"]
[Date "2003.07.25"]
[Round "5.15"]
[White "Haslinger, Stewart"]
[Black "Woodward, Timothy"]
[Result "1-0"]
[WhiteElo "2414"]
[BlackElo "2285"]
[PlyCount "61"]
[EventDate "2003.07.21"]
[EventType "swiss"]
[EventRounds "11"]
[EventCountry "GBR"]
[SourceTitle "BritBase"]
[Source "John Saunders"]
[SourceDate "2008.07.14"]
[SourceVersion "1"]
[SourceVersionDate "2008.07.14"]
[SourceQuality "2"]

1. e4 c5 2. Nf3 d6 3. d4 cxd4 4. Nxd4 Nf6 5. Nc3 g6 6. Be3 Bg7 7. f3 O-O 8. Qd2
Nc6 9. O-O-O d5 10. exd5 Nxd5 11. Nxc6 bxc6 12. Bd4 e5 13. Bc5 Be6 14. Ne4 Rb8
15. Bc4 f5 16. Ng5 e4 17. c3 Bh6 18. h4 Re8 19. Bxa7 Ra8 20. Be3 Qa5 21. fxe4
fxe4 22. Rhe1 Bxg5 23. Bxg5 e3 24. Qd4 Bf5 25. Rxe3 Rxe3 26. Bxe3 Be6 27. Bh6
Qc7 28. Re1 Re8 29. Qc5 Qd7 30. Rf1 Bf5 31. g4 1-0

[Event "GBR-ch90"]
[Site "Edinburgh"]
[Date "2003.07.25"]
[Round "5.16"]
[White "Ahmed, Sk. Nasir"]
[Black "Al Rakib, Abdullah"]
[Result "0-1"]
[WhiteElo "2283"]
[BlackElo "2387"]
[PlyCount "44"]
[EventDate "2003.07.21"]
[EventType "swiss"]
[EventRounds "11"]
[EventCountry "GBR"]
[SourceTitle "BritBase"]
[Source "John Saunders"]
[SourceDate "2008.07.14"]
[SourceVersion "1"]
[SourceVersionDate "2008.07.14"]
[SourceQuality "2"]

1. e4 e5 2. Nf3 Nc6 3. d4 exd4 4. Nxd4 Bb4+ 5. c3 Be7 6. Be3 Nf6 7. Nd2 O-O 8.
Be2 d5 9. Qc2 Ne5 10. f4 Neg4 11. Bg1 Nxe4 12. Nxe4 dxe4 13. O-O-O Bd6 14. Qxe4
Nf6 15. Qf3 Bg4 16. Qf1 Qd7 17. g3 Bxe2 18. Qxe2 Rfe8 19. Qd3 Rad8 20. Kb1 Bf8
21. Qd2 c5 22. Nf3 Qf5+ 0-1

[Event "GBR-ch90"]
[Site "Edinburgh"]
[Date "2003.07.25"]
[Round "5.17"]
[White "Rudd, Jack"]
[Black "McDonald, Neil R"]
[Result "0-1"]
[WhiteElo "2219"]
[BlackElo "2384"]
[PlyCount "246"]
[EventDate "2003.07.21"]
[EventType "swiss"]
[EventRounds "11"]
[EventCountry "GBR"]
[SourceTitle "BritBase"]
[Source "John Saunders"]
[SourceDate "2008.07.14"]
[SourceVersion "1"]
[SourceVersionDate "2008.07.14"]
[SourceQuality "2"]

1. Nc3 d5 2. Nf3 Nf6 3. d4 Bf5 4. Bf4 c6 5. e3 e6 6. Bd3 Nbd7 7. O-O Be7 8. Ne2
O-O 9. c4 Bxd3 10. Qxd3 c5 11. Rfd1 Rc8 12. cxd5 Nxd5 13. Bg3 Qb6 14. Nc3 Nxc3
15. bxc3 Rfd8 16. h3 Qa5 17. Qe4 b5 18. Rab1 a6 19. a4 bxa4 20. Qb7 a3 21. dxc5
a2 22. Ra1 Nxc5 23. Rxd8+ Qxd8 24. Qb2 Ne4 25. Be5 a5 26. Qxa2 {(=)} Ra8 27.
Qc2 Nc5 28. Bd4 Qe8 29. Ng5 Bxg5 30. Bxc5 Qb5 31. Bb4 a4 32. Qd1 Bf6 33. Ra2 h6
34. g3 Qc6 35. Kh2 Be5 36. Qh1 Qa6 37. Qe4 Bf6 38. Kg2 Rc8 39. Qc2 Qc6+ 40. Kh2
Ra8 41. Qd1 g6 42. Qh1 Qa6 43. Qf3 Kg7 44. Kg2 Rd8 45. Qe2 Qc6+ 46. Qf3 Qb5 47.
Kh2 h5 48. h4 Rc8 49. Qe4 Kg8 50. Qf4 Bg7 51. Qe4 Qa6 52. Qc2 Ra8 53. Qe4 Qc8
54. Ra3 Qe8 55. Bc5 Ra5 56. Bb4 Ra8 57. Bc5 Rc8 58. Bb4 Qb5 59. Ra2 Rd8 60. Qc2
Ra8 61. Qe4 Ra6 62. Ra3 Rc6 63. Ra2 Ra6 64. Ra3 Kh7 65. Qf4 e5 66. Qf3 Rf6 67.
Qg2 Qe2 68. Kg1 Bh6 69. Bc5 Qc2 70. Qf1 Kg8 71. Qe1 Bf8 72. Bxf8 Kxf8 73. Ra1
Rc6 74. Qc1 Qxc1+ 75. Rxc1 Ke7 76. Kf1 Kd6 77. Ke2 Kc5 78. Kd3 Ra6 79. Kc2 e4
80. Rd1 Rd6 81. Rd4 Rf6 82. Rd2 Rb6 83. Rd7 Rf6 84. Rd2 Ra6 85. Kb2 f5 86. Rd4
Rb6+ 87. Ka3 Rb3+ 88. Kxa4 Rb2 89. Rd8 Rxf2 90. Rg8 Rf3 91. Rxg6 Rxe3 92. Kb3
Rf3 93. Rg5 e3 94. Kc2 Kc4 95. Rg8 Rf2+ 96. Kd1 Kd3 97. Rd8+ Ke4 98. c4 Ra2 99.
Rf8 Rg2 100. c5 Rxg3 101. c6 Rg7 102. Ke2 Rg2+ 103. Kd1 Rd2+ 104. Ke1 Rc2 105.
Rf6 f4 106. Re6+ Kf3 107. Kd1 Rc5 108. Rd6 Kf2 109. Re6 f3 110. Re4 e2+ 111.
Kd2 Rd5+ 112. Kc3 e1=Q+ 113. Rxe1 Kxe1 114. Kc4 Rd8 115. Kc5 f2 116. c7 Rc8
117. Kc6 f1=Q 118. Kb7 Qf5 119. Kc6 Qe6+ 120. Kb7 Qd7 121. Kb6 Qxc7+ 122. Kb5
Rb8+ 123. Ka6 Qb6# 0-1

[Event "GBR-ch90"]
[Site "Edinburgh"]
[Date "2003.07.25"]
[Round "5.18"]
[White "Shaw, John Kerr"]
[Black "Grant, Jonathan"]
[Result "1-0"]
[WhiteElo "2480"]
[BlackElo "2271"]
[PlyCount "70"]
[EventDate "2003.07.21"]
[EventType "swiss"]
[EventRounds "11"]
[EventCountry "GBR"]
[SourceTitle "BritBase"]
[Source "John Saunders"]
[SourceDate "2008.07.14"]
[SourceVersion "1"]
[SourceVersionDate "2008.07.14"]
[SourceQuality "2"]

1. e4 c6 2. c4 d5 3. exd5 cxd5 4. cxd5 Nf6 5. Nc3 Nxd5 6. Nf3 Nc6 7. Bb5 e6 8.
O-O Be7 9. d4 O-O 10. Re1 Bf6 11. Bxc6 bxc6 12. Na4 Rb8 13. Bd2 Qd6 14. Re4 Rb5
15. Rc1 Bb7 16. b3 Qa3 17. Rc2 Rd8 18. Nc5 Nb4 19. Rc4 Nxa2 20. Qe1 Rxb3 21.
Ra4 Qb2 22. Ba5 Nc3 23. Re3 Nxa4 24. Rxb3 Qc2 25. Rxb7 Re8 26. Ne4 Be7 27. h3
h6 28. Ne5 Nb2 29. Qe3 Nd1 30. Qf3 Qc1 31. Qxf7+ Kh7 32. Qg6+ Kg8 33. Qxe8+ Bf8
34. Rxg7+ Kxg7 35. Qf7+ Kh8 1-0

[Event "GBR-ch90"]
[Site "Edinburgh"]
[Date "2003.07.25"]
[Round "5.19"]
[White "Sattar, Reefat Bin"]
[Black "Lyell, Mark"]
[Result "1-0"]
[WhiteElo "2475"]
[BlackElo "2256"]
[PlyCount "51"]
[EventDate "2003.07.21"]
[EventType "swiss"]
[EventRounds "11"]
[EventCountry "GBR"]
[SourceTitle "BritBase"]
[Source "John Saunders"]
[SourceDate "2008.07.14"]
[SourceVersion "1"]
[SourceVersionDate "2008.07.14"]
[SourceQuality "2"]

1. e4 e6 2. d4 d5 3. e5 c5 4. c3 Nc6 5. Nf3 Nh6 6. a3 cxd4 7. cxd4 Nf5 8. Nc3
Bd7 9. h4 Be7 10. h5 Rc8 11. g4 Nh6 12. Bd3 Nxg4 13. Rg1 f5 14. exf6 Nxf6 15.
Rxg7 Qb6 16. h6 Kd8 17. Bb5 Ne4 18. Bxc6 Nxc3 19. bxc3 Qxc6 20. Bd2 Bf6 21. Rf7
Qc4 22. a4 Be7 23. Ne5 Qa6 24. Bg5 Re8 25. Qf3 Qd6 26. Rxe7 1-0

[Event "GBR-ch90"]
[Site "Edinburgh"]
[Date "2003.07.25"]
[Round "5.20"]
[White "Hossain, Enamul"]
[Black "Broomfield, Matthew"]
[Result "1/2-1/2"]
[WhiteElo "2452"]
[BlackElo "2249"]
[PlyCount "117"]
[EventDate "2003.07.21"]
[EventType "swiss"]
[EventRounds "11"]
[EventCountry "GBR"]
[SourceTitle "BritBase"]
[Source "John Saunders"]
[SourceDate "2008.07.14"]
[SourceVersion "1"]
[SourceVersionDate "2008.07.14"]
[SourceQuality "2"]

1. e4 e6 2. d4 d5 3. Nc3 Bb4 4. e5 c5 5. a3 Bxc3+ 6. bxc3 Qc7 7. Nf3 Ne7 8. h4
b6 9. Bb5+ Bd7 10. Bd3 Ba4 11. h5 cxd4 12. cxd4 Qc3+ 13. Bd2 Qxd3 14. cxd3 Bxd1
15. Kxd1 h6 16. Ke2 Kd7 17. g4 Nbc6 18. Ke3 f5 19. exf6 gxf6 20. Ke2 Rag8 21.
Rag1 Nc8 22. Bf4 Nd6 23. Bxd6 Kxd6 24. Ke3 Rh7 25. Nh4 Rhg7 26. f3 Ne7 27. Rc1
Rg5 28. Ng6 Nxg6 29. hxg6 R5xg6 30. Rh2 Rb8 31. Rhc2 Rb7 32. Rc6+ Ke7 33. Rc7+
Rxc7 34. Rxc7+ Kd6 35. Rxa7 h5 36. gxh5 Rh6 37. a4 Kc6 38. Rf7 Kd6 39. Rb7 Kc6
40. Rg7 Rxh5 41. Rg6 Rh8 42. Rxf6 Kd6 43. Rg6 Ra8 44. f4 Kd7 45. f5 exf5 46.
Kf4 Rxa4 47. Ke5 Ra3 48. Rxb6 Rxd3 49. Kxd5 f4 50. Rd6+ Kc7 51. Rf6 f3 52. Rf7+
Kb6 53. Ke4 Ra3 54. Ke5 Re3+ 55. Kd6 Kb5 56. d5 Kc4 57. Kc6 Kd3 58. d6 Kc2 59.
d7 1/2-1/2

[Event "GBR-ch90"]
[Site "Edinburgh"]
[Date "2003.07.25"]
[Round "5.21"]
[White "Williams, Simon K"]
[Black "Radovanovic, Jovica"]
[Result "1-0"]
[WhiteElo "2381"]
[BlackElo "2239"]
[PlyCount "75"]
[EventDate "2003.07.21"]
[EventType "swiss"]
[EventRounds "11"]
[EventCountry "GBR"]
[SourceTitle "BritBase"]
[Source "John Saunders"]
[SourceDate "2008.07.14"]
[SourceVersion "1"]
[SourceVersionDate "2008.07.14"]
[SourceQuality "2"]

1. f4 c5 2. Nf3 Nc6 3. e3 g6 4. Be2 Bg7 5. O-O d6 6. Nc3 b6 7. Qe1 Bb7 8. a3
Qd7 9. Rb1 f5 10. Bc4 Nf6 11. b4 cxb4 12. axb4 e6 13. b5 Nd8 14. Bb2 Bxf3 15.
Rxf3 O-O 16. d3 d5 17. Bb3 Nb7 18. e4 fxe4 19. dxe4 Nc5 20. e5 Nh5 21. Ne2 g5
22. fxg5 Rxf3 23. gxf3 Qf7 24. Qf2 Nf4 25. Kh1 Nxe2 26. Qxe2 Rf8 27. Rf1 Qf4
28. Ba2 Rf5 29. Bb1 Rxg5 30. Qf2 Qc4 31. Bc1 Rf5 32. Rg1 Kf8 33. c3 Rf7 34.
Bxh7 Qxc3 35. Bh6 Qxe5 36. Qh4 Qc7 37. Bxg7+ Rxg7 38. Qf6+ 1-0

[Event "GBR-ch90"]
[Site "Edinburgh"]
[Date "2003.07.25"]
[Round "5.22"]
[White "Vujatovic, Rajko"]
[Black "Lee, Graham D"]
[Result "0-1"]
[WhiteElo "2265"]
[BlackElo "2360"]
[PlyCount "54"]
[EventDate "2003.07.21"]
[EventType "swiss"]
[EventRounds "11"]
[EventCountry "GBR"]
[SourceTitle "BritBase"]
[Source "John Saunders"]
[SourceDate "2008.07.14"]
[SourceVersion "1"]
[SourceVersionDate "2008.07.14"]
[SourceQuality "2"]

1. d4 Nf6 2. c4 c5 3. d5 e5 4. Nc3 d6 5. e4 Be7 6. Bd3 O-O 7. h3 Ne8 8. Nf3 Nd7
9. g4 a6 10. a4 Rb8 11. Rg1 Kh8 12. Qe2 Ndf6 13. Be3 Bd7 14. g5 Ng8 15. h4 g6
16. Nd2 f5 17. exf5 gxf5 18. f4 Qa5 19. Qh5 e4 20. Bc2 Ng7 21. Qe2 Be8 22.
O-O-O Bh5 23. Qg2 b5 24. Ne2 bxa4 25. Nc3 Rxb2 26. Kxb2 a3+ 27. Kb3 Qb4+ 0-1

[Event "GBR-ch90"]
[Site "Edinburgh"]
[Date "2003.07.25"]
[Round "5.23"]
[White "Longson, Alexander"]
[Black "Sowray, Peter J"]
[Result "1-0"]
[WhiteElo "2225"]
[BlackElo "2346"]
[PlyCount "67"]
[EventDate "2003.07.21"]
[EventType "swiss"]
[EventRounds "11"]
[EventCountry "GBR"]
[SourceTitle "BritBase"]
[Source "John Saunders"]
[SourceDate "2008.07.14"]
[SourceVersion "1"]
[SourceVersionDate "2008.07.14"]
[SourceQuality "2"]

1. e4 e5 2. Nf3 Nc6 3. Bb5 a6 4. Ba4 Nf6 5. O-O Be7 6. Re1 b5 7. Bb3 d6 8. c3
O-O 9. h3 Na5 10. Bc2 c5 11. d4 Qc7 12. Nbd2 Rd8 13. d5 c4 14. Nf1 Nb7 15. Bg5
Nc5 16. Ng3 a5 17. b4 axb4 18. cxb4 Na4 19. Qc1 Nb6 20. Nh4 g6 21. f4 Ne8 22.
f5 Bxg5 23. Qxg5 f6 24. Qe3 g5 25. Nf3 h6 26. h4 Ng7 27. hxg5 hxg5 28. Nxg5
fxg5 29. Qxg5 Rf8 30. f6 Qf7 31. Nh5 Ra7 32. fxg7 Qf2+ 33. Kh2 Rf3 34. Qd8+ 1-0

[Event "GBR-ch90"]
[Site "Edinburgh"]
[Date "2003.07.25"]
[Round "5.24"]
[White "Howell, David W"]
[Black "Taylor, Robert M"]
[Result "1-0"]
[WhiteElo "2323"]
[BlackElo "2169"]
[PlyCount "53"]
[EventDate "2003.07.21"]
[EventType "swiss"]
[EventRounds "11"]
[EventCountry "GBR"]
[SourceTitle "BritBase"]
[Source "John Saunders"]
[SourceDate "2008.07.14"]
[SourceVersion "1"]
[SourceVersionDate "2008.07.14"]
[SourceQuality "2"]

1. e4 c6 2. d4 Na6 3. c3 Nc7 4. Bd3 g6 5. f4 Bg7 6. Nd2 d6 7. Ndf3 Nf6 8. Ne2
b5 9. O-O Bb7 10. Ng3 c5 11. dxc5 dxc5 12. Qe2 c4 13. Bc2 Ne6 14. f5 gxf5 15.
Nxf5 Rg8 16. a4 a6 17. axb5 axb5 18. Rxa8 Qxa8 19. Ng5 Bh8 20. Nxf7 Kxf7 21.
Nh6+ Ke8 22. Nxg8 Nxg8 23. Qh5+ Kd7 24. Qxb5+ Bc6 25. Qxc4 Qc8 26. Bb3 Kd6 27.
Rd1+ 1-0

[Event "GBR-ch90"]
[Site "Edinburgh"]
[Date "2003.07.25"]
[Round "5.25"]
[White "Adams, David M"]
[Black "Mohota, Nisha"]
[Result "0-1"]
[WhiteElo "2172"]
[BlackElo "2321"]
[PlyCount "85"]
[EventDate "2003.07.21"]
[EventType "swiss"]
[EventRounds "11"]
[EventCountry "GBR"]
[SourceTitle "BritBase"]
[Source "John Saunders"]
[SourceDate "2008.07.14"]
[SourceVersion "1"]
[SourceVersionDate "2008.07.14"]
[SourceQuality "2"]

1. e4 Nf6 2. Nc3 d5 3. exd5 Nxd5 4. Bc4 e6 5. Nf3 Be7 6. d4 O-O 7. Ne4 Nd7 8.
c3 c5 9. Qe2 cxd4 10. Nxd4 N7f6 11. O-O a6 12. Bd3 Qc7 13. f4 g6 14. Kh1 Nxe4
15. Qxe4 Re8 16. f5 Nf6 17. fxg6 hxg6 18. Qf3 Qe5 19. h3 Bd6 20. g3 Qd5 21.
Qxd5 Nxd5 22. Kg2 b5 23. Be4 Bb7 24. Bf3 e5 25. Nc2 e4 26. Be2 e3 27. Bf3 e2
28. Re1 Re7 29. a4 b4 30. c4 Rc8 31. Bg5 Re5 32. Bf4 Nxf4+ 33. gxf4 Bxf3+ 34.
Kxf3 Rf5 35. Kxe2 Rxc4 36. Ne3 Re4 37. Kd3 Rfxf4 38. Rad1 f5 39. Kc2 Rf2+ 40.
Kb3 Bc5 41. Nd5 Rf3+ 42. Kc2 b3+ 43. Kb1 0-1

[Event "GBR-ch90"]
[Site "Edinburgh"]
[Date "2003.07.25"]
[Round "5.27"]
[White "Mitchell, Martin"]
[Black "Pritchett, Craig"]
[Result "1/2-1/2"]
[WhiteElo "2132"]
[BlackElo "2314"]
[PlyCount "64"]
[EventDate "2003.07.21"]
[EventType "swiss"]
[EventRounds "11"]
[EventCountry "GBR"]
[SourceTitle "BritBase"]
[Source "John Saunders"]
[SourceDate "2008.07.14"]
[SourceVersion "1"]
[SourceVersionDate "2008.07.14"]
[SourceQuality "2"]

1. d4 Nf6 2. c4 e6 3. Nc3 Bb4 4. e3 O-O 5. Nge2 d5 6. a3 Be7 7. cxd5 exd5 8. g3
a5 9. Bg2 Na6 10. O-O c6 11. Nf4 Nc7 12. h3 Re8 13. Na4 Nb5 14. Bd2 Nd6 15. Nd3
Nfe4 16. Nac5 Bf6 17. Rc1 g6 18. Be1 h5 19. Nxe4 Nxe4 20. f4 Nd6 21. Ne5 Bf5
22. g4 hxg4 23. hxg4 Be4 24. Bh3 Bh4 25. g5 Bxe1 26. Qxe1 Kg7 27. Rf2 Rh8 28.
Rh2 f6 29. Nd7 fxg5 30. Qg3 Bf5 31. fxg5 Nf7 32. Nc5 Qd6 1/2-1/2